00236nam a2200097Ia 4500100003400000654001600034245002900050260003900079300000800118546001200126 aSreenivas/ T.V./ Hari/K.V.S.  aElectronics aSignal Processing System bTata Mc Graw hillaNew Delhic1993 a254 aENGLISH